| 000 | 00890nas a2200301 4500 | ||
|---|---|---|---|
| 001 | BR9702474 | ||
| 003 | BR-BrBNA | ||
| 005 | 20231205100229.0 | ||
| 007 | ta | ||
| 008 | 230509b bl.|||p| |||| 00| 00por d | ||
| 040 |
_aBR-BrBNA _bpor _cBiblioteca Nacional de Agricultura |
||
| 041 | _a(Pt) | ||
| 072 | _aN20; U10 | ||
| 100 | 1 | _aCorrea, I.M. | |
| 100 | 1 | _aYanai, K. | |
| 100 | 1 | _aPeche, F.A. | |
| 100 | 1 | _aMaziero, J.V.G. | |
| 100 | 1 | _aMenezes, J.F. de | |
| 100 | 1 | _aPeche, A.T.M. | |
| 245 | 1 | _aSubsolador vibratorio: 2. mobilizacao do solo com e sem o acionamento do mecanismo de vibracao | |
| 650 | _aSubsolador | ||
| 650 | _aTracao Motorizada | ||
| 650 | _aVibracao | ||
| 650 | _aModelo Matematico | ||
| 773 | 0 |
_tEngenharia Rural (Brazil) _xISSN 0103-5185 _g(Dec 1991), v. 2(2) p. 15-32 _wBR9702474 |
|
| 909 |
_a202311 _bLúcia _c55 _dLúcia Elande |
||
| 942 |
_2AGRIS _n0 _cANA |
||
| 999 |
_c154858 _d154858 |
||